000 00193 a2200085 4500
001 63312
090 _c37354
_d37354
245 _aFundamentals of Entrepreneurship
260 _aNew Delhi
_bPrintic Hall
_c2006
942 _aNUST-CAE
999 _c298385
_d298385